000 00306nam a22001217a 4500
008 230620b xxu||||| |||| 00| 0 eng d
020 _a9041119302
082 _a321.8
_bBEE 2002
245 _aThe State of Democracy
260 _aNew York
_bKluwer Law International
_c2002
300 _a104p
942 _2ddc
_cBK
999 _c1825
_d1825